Historical Figures in Stevie Wonder's "Black Man" - Statistics

General Stats
  • This quiz has been taken 7 times
  • The average score is 6 of 22
Answer Stats
Lyrics Figure % Correct
Use of martial arts / In our country got its start / By a yellow man Bruce Lee
83%
First man to die / For the flag we now hold high / Was a black man Crispus Attucks
83%
"Who was the woman who led countless slaves to freedom on the Underground Railroad?" "{Harriet Tubman}, a black woman!"
83%
Scout who used no chart / Helped lead Lewis and Clark / Was a red woman Sacagawea
83%
And the leader with a pen / Signed his name to free all men / Was a white man Abraham Lincoln
67%
Incandescent light / Was invented to give sight / By the white man Thomas Edison
67%
Farm workers' rights / Were lifted to new heights / By a brown man Cesar Chavez
33%
Friendly man who died / But helped the Pilgrims to survive / Was a red man Squanto
33%
"Who was the legendary hero who helped establish the League of Iroquois?" "{Hiawatha}, a red man!"
17%
"Who was the first man to set foot on the North Pole?" "{Matthew Henson}, a black man!"
17%
First clock to be made / In America was created / By a black man Benjamin Banneker
0%
"Who was one of the organizers of the American Indian Movement?" "{Dennis Banks}, a red man!"
0%
'"Who was the father of blood plasma and the director of the Red Cross blood bank?" "{Dr. Charles Drew}, a black man!"
0%
Heart surgery / Was first done successfully / By a black man Dr. Daniel Hale Williams
0%
"Who invented the world's first stop light and the gas mask?" "{Garrett Morgan}, a black man!"
0%
"Who was the American surgeon who was one of the founders of neurosurgery?" "{Harvey William Cushing}, a white man!"
0%
"Who was the famous educator and semanticist who made outstanding contributions to education in America?" "{Hayakawa}, a yellow man!"
0%
"Who was the founder of the city of Chicago in 1772?" "{Jean Baptiste}, a black man!"
0%
"Who was the Jewish financier who raised funds to sponsor Christopher Columbus' voyage to America?" "{Luis de Santángel}, a white man!"
0%
"Who is the leader of the first microbiotic center in America?" "{Michio Kushi}, a yellow man!"
0%
Guide of a ship / On the first Columbus trip / Was a brown man Pedro Alonzo Niño
0%
"Who was the soldier of Company G who won high honors for his courage and heroism in World War I?" "{Sing Kee}, a yellow man!"
0%
No matching quizzes found
Score Distribution
Percent of People with Each Score
Percentile by Number Answered
Your Score History
You have not taken this quiz